Nguyễn Văn Huyên toàn tập văn hóa giáo dục Việt Nam T.2
Tập hợp những trước tác, những kết quả hoạt động chủ yếu trên hai lĩnh vực chính: Khoa học và giáo dục của giáo sư tiến sĩ Nguyễn Văn Huyên
Đã lưu trong:
| Tác giả chính: | |
|---|---|
| Định dạng: | Sách |
| Năm xuất bản: |
H.
Giáo dục
2001
|
| Chủ đề: | |
| Tags: |
Thêm thẻ
Không có thẻ, Hãy là người đầu tiên gắn thẻ bản ghi này!
|
| LEADER | 01032nam a2200181 4500 | ||
|---|---|---|---|
| 999 | |c 8889 |d 8889 | ||
| 082 | |a 306.09597 |b NG527V | ||
| 100 | |a Nguyễn Văn Huyên | ||
| 245 | |a Nguyễn Văn Huyên toàn tập văn hóa giáo dục Việt Nam |c Nguyễn Văn Huyên, Phạm Minh Hạc, Hà Văn Tấn; Nguyễn Văn Huy |n T.2 | ||
| 260 | |a H. |b Giáo dục |c 2001 | ||
| 300 | |a 1012 tr. |c 24 cm. | ||
| 520 | |a Tập hợp những trước tác, những kết quả hoạt động chủ yếu trên hai lĩnh vực chính: Khoa học và giáo dục của giáo sư tiến sĩ Nguyễn Văn Huyên | ||
| 653 | |a Văn hóa | ||
| 653 | |a Giáo dục | ||
| 653 | |a Việt Nam | ||
| 942 | |2 ddc |c STK0 | ||
| 952 | |0 0 |1 0 |2 ddc |4 0 |6 306_095970000000000_NG527V |7 0 |8 300 |9 71944 |a qbu |b qbu |c D2 |d 2015-05-01 |g 105000 |o 306.09597 NG527V |p 8530.c1 |w 2015-05-01 |y STK0 |0 0 |6 306_000000000000000_NG527V | ||
| 952 | |0 0 |1 0 |2 ddc |4 0 |6 306_095970000000000_NG527V |7 0 |8 300 |9 71945 |a qbu |b qbu |c D2 |d 2015-05-01 |g 105000 |o 306.09597 NG527V |p 8530.c2 |w 2015-05-01 |y STK0 |0 0 |6 306_000000000000000_NG527V | ||